[Event "AUTO-OPEN-2991"]
[Site "http://www.queenalice.com/game.php?id=1181793"]
[Date "2013.5.16"]
[Round "1"]
[White "bdpq"]
[Black "Kwizatz"]
[Result "1-0"]
[WhiteElo "1745"]
[BlackElo "1100"]

1. e4 e5 2. d4 Nc6 3. d5 Bb4+ 4. Bd2 Nge7 5. Bxb4 O-O 6. dxc6 d6 7. cxb7 Bxb7 8.
Qd3 Qe8 9. Nd2 Bc6 10. Ngf3 Ng6 11. Be2 Nf4 12. Qa3 Rd8 13. O-O-O g6 14. Bd3 d5
15. Bxf8 dxe4 16. Bxe4 Ne2+ 17. Kb1 Qd7 18. Nxe5 Qd4 19. Nxc6 Nc3+ 20. bxc3 Qb6+
21. Qb3 Kxf8 22. Qxb6 axb6 23. Nxd8 f5 24. Bc6 Ke7 25. Rhe1+ Kxd8 26. Nf3+ Kc8
27. Re8# 1-0

[Event "AUTO-OPEN-2991"]
[Site "http://www.queenalice.com/game.php?id=1181794"]
[Date "2013.5.16"]
[Round "1"]
[White "Kwizatz"]
[Black "bdpq"]
[Result "0-1"]
[WhiteElo "1100"]
[BlackElo "1729"]

1. e4 d5 2. d3 dxe4 3. dxe4 Qxd1+ 4. Kxd1 Nc6 5. Nc3 Nd4 6. Bb5+ c6 7. Bc4 e5 8.
Nge2 Nxe2 9. Be3 Nxc3+ 10. bxc3 Bd7 11. Rf1 b6 12. f4 exf4 13. Rxf4 f6 14. Kd2
Rd8 15. Raf1 Bd6 16. e5 Bxe5 17. Re4 Bf5+ 18. Bd3 Bxe4 19. Ke1 Bxh2 20. Bxe4 Ne7
21. c4 O-O 22. Rf3 Rfe8 23. Rh3 f5 24. Bd3 f4 25. Bxh7+ Kf7 26. Rxh2 fxe3 27.
Rh3 Nf5 28. Rf3 g6 29. Rf4 Kg7 30. g4 e2 31. gxf5 Rd1+ 32. Kf2 e1=Q+ 33. Kf3
Qf1+ 34. Kg4 Qg2+ 35. Kh4 Rh1# 0-1

[Event "AUTO-OPEN-2991"]
[Site "http://www.queenalice.com/game.php?id=1181815"]
[Date "2013.5.16"]
[Round "1"]
[White "Kwizatz"]
[Black "murgu"]
[Result "1-0"]
[WhiteElo "1049"]
[BlackElo "1634"]

1. e4 c5 2. d3 Nc6 3. Be3 e6 4. Nf3 d5 5. g3 dxe4 6. Ng5 exd3 7. Bxd3 Be7 8. Nc3
Bxg5 9. O-O Bxe3 10. Qe2 Bd4 11. Nb5 Bxb2 12. Rad1 Nd4 13. Qe5 Nf3+ 14. Kg2 Nxe5
15. Rfe1 1-0

[Event "AUTO-OPEN-2991"]
[Site "http://www.queenalice.com/game.php?id=1181816"]
[Date "2013.5.16"]
[Round "1"]
[White "murgu"]
[Black "Kwizatz"]
[Result "0-1"]
[WhiteElo "1634"]
[BlackElo "1049"]

1. Nf3 Nf6 2. c4 c5 3. Nc3 d6 4. d4 Nbd7 5. e4 Qa5 6. Bd3 g6 7. Bd2 cxd4 8. Nd5
Qc5 9. b4 Qc6 10. Nxd4 e6 11. Nxf6+ Nxf6 12. Nxc6 bxc6 13. O-O d5 14. Bc3 Bh6
15. Bxf6 O-O 16. Rb1 Bg7 0-1

[Event "AUTO-OPEN-2991"]
[Site "http://www.queenalice.com/game.php?id=1181817"]
[Date "2013.5.16"]
[Round "1"]
[White "Kwizatz"]
[Black "marconilho"]
[Result "1-0"]
[WhiteElo "1100"]
[BlackElo "1710"]

1. e4 e5 2. d3 Nc6 3. Nc3 Bc5 4. Nf3 Nf6 5. g3 Ng4 6. Qe2 Nxf2 7. Bg5 f6 8. Nd5
Nxh1 9. Bg2 Nxg3 10. hxg3 fxg5 11. Bh3 d6 12. O-O-O Bxh3 13. Qd2 Bg4 14. Rf1
Bxf3 15. Rxf3 g4 16. Rf5 h5 17. Qc3 h4 18. Qb3 hxg3 19. Nc3 g2 20. Qf7# 1-0

[Event "AUTO-OPEN-2991"]
[Site "http://www.queenalice.com/game.php?id=1181818"]
[Date "2013.5.16"]
[Round "1"]
[White "marconilho"]
[Black "Kwizatz"]
[Result "1-0"]
[WhiteElo "1653"]
[BlackElo "1100"]

1. e4 e5 2. Bc4 d6 3. Nf3 Nf6 4. Ng5 Be6 5. Bxe6 Qe7 6. Nxf7 Rg8 7. Ng5 h6 8.
Bxg8 Nc6 9. Nf3 Nxg8 10. Nc3 O-O-O 11. d3 Nf6 12. Bd2 Ng4 13. Ng1 Qe6 14. Nf3
Nd4 15. Nxd4 exd4 16. Ne2 Qf6 17. Bf4 g5 18. Bg3 d5 19. h3 Bb4+ 20. c3 dxc3 21.
bxc3 Bc5 22. hxg4 Rf8 23. d4 Bb6 24. exd5 Qf7 25. c4 Ba5+ 26. Kf1 Bb6 27. Rxh6
c5 28. dxc6 Qxc4 29. cxb7+ Kd7 30. Rh7+ Rf7 31. Rh8 Bc7 32. Bxc7 Qxc7 33. b8=Q
Qxb8 34. Rxb8 Kc7 35. Rab1 Rh7 36. R8b7+ Kd6 37. Rxh7 1-0

[Event "AUTO-BEG-587"]
[Site "http://www.queenalice.com/game.php?id=1192769"]
[Date "2013.6.21"]
[Round "1"]
[White "Severynnas"]
[Black "Kwizatz"]
[Result "0-1"]
[WhiteElo "1343"]
[BlackElo "1027"]

1. d4 d5 2. f4 Nf6 3. b4 g6 4. Nc3 Bg7 5. Be3 O-O 6. Qd3 Nc6 7. O-O-O Qd6 8. a3
Bf5 9. Qd2 a5 10. bxa5 Nxa5 11. Nf3 Nc4 12. Qe1 Qxa3+ 13. Kb1 Qb2# 0-1

[Event "AUTO-BEG-587"]
[Site "http://www.queenalice.com/game.php?id=1192770"]
[Date "2013.6.21"]
[Round "1"]
[White "Kwizatz"]
[Black "Severynnas"]
[Result "1-0"]
[WhiteElo "1035"]
[BlackElo "1306"]

1. e4 c5 2. Nc3 f6 3. g3 e6 4. Nf3 Nc6 5. Bc4 Nh6 6. O-O Bd6 7. b3 Ng4 8. Nh4
O-O 9. Qxg4 f5 10. exf5 Nb4 11. fxe6 dxe6 12. Bb2 Nxc2 13. Qxe6+ Bxe6 14. Bxe6+
Kh8 15. Rae1 Nxe1 16. Rxe1 g5 17. Ne4+ Rf6 18. Nxf6 gxh4 19. Nh5+ Be5 20. Bxe5+
Qf6 21. Bxf6# 1-0

[Event "AUTO-BEG-587"]
[Site "http://www.queenalice.com/game.php?id=1192787"]
[Date "2013.6.21"]
[Round "1"]
[White "Kwizatz"]
[Black "hversatil"]
[Result "0-1"]
[WhiteElo "1072"]
[BlackElo "1264"]

1. e4 e5 2. d3 Bc5 3. Nf3 d6 4. g3 Nf6 5. Bg2 Ng4 6. Qe2 Bxf2+ 7. Kf1 d5 8. Nxe5
Nxe5 9. Qxf2 Ng4 10. Qxf7+ Kxf7 11. Bf3 Nf6 12. e5 Nfd7 13. Bxd5+ Ke8 14. Nc3
Nxe5 15. Bf4 Ng4 16. Re1+ Kf8 17. Ne4 Qxd5 18. c4 Qxd3+ 19. Kg1 Qd4+ 20. Kg2
Qxb2+ 21. Kf1 Nxh2+ 22. Kg1 Nf3+ 23. Kf1 Nxe1 24. Kxe1 Qb1+ 25. Kf2 Qxh1 26.
Bxc7 Qxe4 27. Bd6+ Ke8 28. c5 Qc2+ 29. Kf3 Qxa2 30. c6 Nxc6 31. Kf4 Qd2+ 32. Kf3
Qxd6 33. Kg2 Qe6 34. Kf3 Rf8+ 35. Kg2 Qh3+ 36. Kg1 Rf1# 0-1

[Event "AUTO-BEG-587"]
[Site "http://www.queenalice.com/game.php?id=1192788"]
[Date "2013.6.21"]
[Round "1"]
[White "hversatil"]
[Black "Kwizatz"]
[Result "1-0"]
[WhiteElo "1268"]
[BlackElo "1101"]

1. e4 e5 2. Nf3 d6 3. Bc4 Nh6 4. d3 Be7 5. O-O O-O 6. Nc3 g6 7. Bxh6 Re8 8. d4
Bf6 9. dxe5 Bxe5 10. Ng5 Qf6 11. Bxf7+ Kh8 12. Bxe8 Qf4 13. g3 Qf6 14. Nd5 Qd8
15. Nf7+ Kg8 16. Nxd8 Bf6 17. Nxc7 Bh3 18. Nxa8 Bxd8 19. Qd5+ Kh8 20. Qe5+ dxe5
21. Rfd1 Bb6 22. Nxb6 Na6 23. Rd8 Nc5 24. Bf7# 1-0

[Event "AUTO-BEG-589"]
[Site "http://www.queenalice.com/game.php?id=1199043"]
[Date "2013.7.12"]
[Round "1"]
[White "Kwizatz"]
[Black "ksal"]
[Result "0-1"]
[WhiteElo "1049"]
[BlackElo "1335"]

1. e4 e5 2. d3 Nf6 3. Nf3 Bc5 4. Be2 Ng4 5. O-O Nxf2 6. Qe1 Nxd3+ 7. Be3 Nxe1 8.
Bxc5 Nxc2 9. Nc3 Nxa1 10. Rxa1 d6 11. Bb5+ c6 12. Bc4 dxc5 13. Re1 Bg4 14. Nxe5
Qd4+ 15. Kf1 Qxe5 16. Kg1 Qd4+ 17. Kh1 Qxc4 18. e5 O-O 19. Nd1 Qxa2 20. Ne3 h5
21. h3 Be6 22. Nd1 Bb3 23. e6 fxe6 24. Nf2 Qxb2 25. Nd3 Qd2 26. Rxe6 Bxe6 27.
Ne1 Rf1+ 28. Kh2 Qf4+ 29. g3 Qf2+ 30. Ng2 Qg1# 0-1

[Event "AUTO-BEG-589"]
[Site "http://www.queenalice.com/game.php?id=1199044"]
[Date "2013.7.12"]
[Round "1"]
[White "ksal"]
[Black "Kwizatz"]
[Result "1-0"]
[WhiteElo "1381"]
[BlackElo "1074"]

1. e4 e5 2. Nf3 Nf6 3. Nxe5 Bd6 4. Nc4 O-O 5. d3 Qe8 6. Be2 Bc5 7. d4 Bb4+ 8. c3
Nc6 9. cxb4 Nxb4 10. e5 Nfd5 11. O-O Qe6 12. Bg4 Qg6 13. Bh5 Qe4 14. Re1 Nf4 15.
Rxe4 Nbd5 16. Bxf4 d6 17. Bg3 Bf5 18. Re1 Be6 19. exd6 cxd6 20. Bxd6 Rae8 21.
Bxf8 Rxf8 22. Nd6 g6 23. Bf3 Nf4 24. Bxb7 Rb8 25. Qf3 g5 26. g3 Rd8 27. gxf4
Rxd6 28. fxg5 Rxd4 29. Rd1 Rg4+ 30. Kf1 Bc4+ 31. Ke1 Rg1+ 32. Kd2 Rxg5 33. Kc3
Be6 34. Rd8+ Kg7 35. h4 Rc5+ 36. Kb4 Rc4+ 37. Kb5 Rxh4 38. Qg3+ Rg4 39. Qe5+ Kg6
40. Be4+ Bf5 41. Qxf5+ Kg7 42. Qxg4+ Kf6 43. Qf5+ Ke7 44. Rd7+ Kf8 45. Qxf7# 1-0

[Event "AUTO-BEG-589"]
[Site "http://www.queenalice.com/game.php?id=1199045"]
[Date "2013.7.12"]
[Round "1"]
[White "Kwizatz"]
[Black "valdenicio"]
[Result "0-1"]
[WhiteElo "1059"]
[BlackElo "1683"]

1. e4 c5 2. Nc3 d6 3. Bb5+ Bd7 4. Bc4 e6 5. Nh3 Nc6 6. O-O Nf6 7. Qe1 a6 8. d3
Be7 9. Qe2 Qc7 10. Ng5 h6 11. f4 hxg5 12. fxg5 Ng8 13. g6 Nf6 14. gxf7+ Kf8 15.
Bg5 d5 16. Bxf6 Qxh2+ 17. Kf2 Bxf6 18. exd5 Bh4+ 19. Ke3 Bg5+ 20. Ke4 Rh4+ 21.
Kf3 Qf4# 0-1

[Event "AUTO-BEG-589"]
[Site "http://www.queenalice.com/game.php?id=1199046"]
[Date "2013.7.12"]
[Round "1"]
[White "valdenicio"]
[Black "Kwizatz"]
[Result "1-0"]
[WhiteElo "1628"]
[BlackElo "1039"]

1. d4 d5 2. Nf3 e6 3. Bf4 Bd6 4. Bxd6 Qxd6 5. c3 Ne7 6. e3 O-O 7. Bd3 b6 8. Nbd2
Nbc6 9. Ng5 e5 10. Bxh7+ Kh8 11. Qh5 Bf5 12. Bg6+ Kg8 13. Qh7# 1-0

[Event "AUTO-BEG-589"]
[Site "http://www.queenalice.com/game.php?id=1199047"]
[Date "2013.7.12"]
[Round "1"]
[White "Kwizatz"]
[Black "Severynnas"]
[Result "1-0"]
[WhiteElo "1065"]
[BlackElo "1312"]

1. e4 d6 2. Nc3 Nf6 3. Nh3 c5 4. Nf4 g5 5. Bb5+ Bd7 6. Qe2 e5 7. Nfd5 Nxd5 8.
Nxd5 Bxb5 9. Qxb5+ Nc6 10. O-O a6 11. Qe2 Nd4 12. Qe3 b5 13. d3 Qa5 14. Qxg5 h6
15. Qf6 Rg8 16. Bxh6 Bxh6 17. Qxd6 Nxc2 18. Qe7# 1-0

[Event "AUTO-BEG-589"]
[Site "http://www.queenalice.com/game.php?id=1199048"]
[Date "2013.7.12"]
[Round "1"]
[White "Severynnas"]
[Black "Kwizatz"]
[Result "1-0"]
[WhiteElo "1471"]
[BlackElo "1092"]

1. d4 d5 2. f4 Nf6 3. e3 e6 4. Nc3 Nc6 5. b3 Bb4 6. Bd2 Ne4 7. Nxe4 dxe4 8. Bxb4
Nxb4 9. c3 Nd3+ 10. Bxd3 exd3 11. Qxd3 O-O 12. O-O-O b6 13. Nf3 Qd5 14. Nh4 Bd7
15. c4 Qa5 16. Rhe1 Qa3+ 17. Kc2 Qxa2+ 18. Kc3 g6 19. Ra1 Qf2 20. g3 Qxh2 21.
Rg1 Rac8 22. Qf1 b5 23. Rxa7 Bc6 24. Ra1 Rb8 25. cxb5 Bxb5 26. Qg2 Qxg2 27. Rxg2
Rfc8 28. Rga2 c5 29. dxc5 Rxc5+ 30. Kb2 Rbc8 31. Ra8 Rc2+ 32. Kb1 Rc1+ 33. Kb2
Rc2+ 34. Ka3 Bc6 35. Rxc8+ Kg7 36. Rxc6 Rxc6 37. Kb2 Rd6 38. Kc2 Rc6+ 39. Kb2 e5
40. Ra5 exf4 41. exf4 Re6 42. Re5 Rd6 43. Re3 Rd2+ 44. Kc3 Rd6 45. g4 Rc6+ 46.
Kb2 h5 47. g5 f6 48. Re7+ Kf8 49. Nxg6+ Kg8 50. Nh4 fxg5 51. fxg5 Rd6 52. Ra7
Rd2+ 53. Ka3 Rh2 54. Ng6 Rg2 55. Ne7+ Kf8 56. g6 h4 57. g7+ Rxg7 58. b4 h3 59.
Ra5 h2 60. Nd5 h1=Q 61. Ra8+ Kf7 62. Ra7+ Kg8 63. Nf6+ Kh8 64. Ra8+ Qxa8+ 65.
Kb3 Rg3+ 66. Kc4 Qa6+ 67. b5 Qxf6 68. Kc5 1-0

[Event "AUTO-BEG-590"]
[Site "http://www.queenalice.com/game.php?id=1203627"]
[Date "2013.7.30"]
[Round "1"]
[White "Kwizatz"]
[Black "Lordofchess"]
[Result "0-1"]
[WhiteElo "1042"]
[BlackElo "1301"]

1. e4 Nc6 2. d3 e5 3. Nh3 h6 4. Nd2 d6 5. Qf3 Nf6 6. Nc4 Nd4 7. Qd1 Bg4 8. Qd2
Bxh3 9. Qe3 Be6 10. b3 Nxc2+ 11. Kd1 Nxe3+ 12. Nxe3 Ng4 13. Ke1 Nxe3 14. Bxe3
Qd7 15. d4 Qc6 16. Rc1 Qxe4 17. Rxc7 Qb1+ 18. Bc1 Qxa2 19. Bb5+ Kd8 20. dxe5
Qa5+ 21. Bd2 Qxc7 22. Ke2 dxe5 23. Rd1 a6 24. Bg5+ Kc8 25. Rc1 Qxc1 26. Bd3 Qxg5
27. g3 Bxb3 28. h4 Qc1 29. Bf5+ Kc7 30. Kd3 Qc2+ 31. Ke3 Qxf5 32. f3 Bc5+ 33.
Kd2 Rad8+ 34. Ke2 Qd3+ 35. Ke1 Qd1# 0-1

[Event "AUTO-BEG-590"]
[Site "http://www.queenalice.com/game.php?id=1203628"]
[Date "2013.7.30"]
[Round "1"]
[White "Lordofchess"]
[Black "Kwizatz"]
[Result "1-0"]
[WhiteElo "1255"]
[BlackElo "1051"]

1. e4 e5 2. a3 d6 3. Bc4 Nf6 4. d3 Be6 5. Bxe6 fxe6 6. Qf3 d5 7. exd5 exd5 8.
Nc3 e4 9. Qf5 exd3 10. Qxd3 Bc5 11. Be3 Ng4 12. Qb5+ Nd7 13. Bxc5 Qf6 14. Nxd5
Qe5+ 15. Be3 O-O 16. Qxd7 Qxb2 17. Rd1 Rad8 18. Qxg4 Qxc2 19. Bd4 Qxf2+ 20. Bxf2
Rfe8+ 21. Ne2 c6 22. Nf6+ Kf7 23. Nxe8 Kxe8 24. Rxd8+ Kxd8 25. Qxg7 b6 26. Nd4
c5 27. Nc6+ Kc8 28. Qxa7 h5 29. Kd2 b5 30. Re1 b4 31. Re8# 1-0

[Event "AUTO-BEG-590"]
[Site "http://www.queenalice.com/game.php?id=1203629"]
[Date "2013.7.30"]
[Round "1"]
[White "Kwizatz"]
[Black "sidneyjmg"]
[Result "0-1"]
[WhiteElo "1059"]
[BlackElo "1305"]

1. e4 e5 2. d3 Qf6 3. Nh3 h6 4. Be2 Bc5 5. O-O Nc6 6. Nc3 d6 7. Be3 Qg6 8. Nf4
Qh7 9. Nfd5 Kd8 10. Bxc5 dxc5 11. Qd2 Be6 12. Bf3 Nf6 13. Nb5 Bxd5 14. exd5 Nd4
15. d6 Nxb5 16. Bxb7 Rb8 17. f4 cxd6 18. fxe5 Rxb7 19. Rae1 dxe5 20. Rxe5 Rc7
21. Qe3 Re8 22. c3 Nd6 23. d4 Nc4 24. dxc5 Nxe3 25. Re1 Rxe5 26. Re2 Qb1+ 27.
Kf2 Qf1+ 28. Kg3 Qxe2 29. Kf4 Nfg4 30. g3 Qf2# 0-1

[Event "AUTO-BEG-590"]
[Site "http://www.queenalice.com/game.php?id=1203630"]
[Date "2013.7.30"]
[Round "1"]
[White "sidneyjmg"]
[Black "Kwizatz"]
[Result "1-0"]
[WhiteElo "1260"]
[BlackElo "1039"]

1. d4 d5 2. Nf3 e6 3. e3 Nf6 4. Nc3 Bd6 5. a3 O-O 6. Bd3 Nc6 7. Ng5 Ng4 8. Bxh7+
Kh8 9. Qxg4 e5 10. Qh5 exd4 11. Bg6+ Kg8 12. Qh7# 1-0

[Event "AUTO-BEG-590"]
[Site "http://www.queenalice.com/game.php?id=1203631"]
[Date "2013.7.30"]
[Round "1"]
[White "Kwizatz"]
[Black "Epilos"]
[Result "0-1"]
[WhiteElo "1063"]
[BlackElo "1379"]

1. e4 e5 2. d3 Nc6 3. Nh3 Bc5 4. Be3 d6 5. Nc3 Bxe3 6. Nd5 Bc5 7. Qf3 h6 8. Rd1
Nf6 9. Qg3 g6 10. Nhf4 exf4 11. Qxf4 Nxd5 12. exd5 Nd4 13. Qe4+ Qe7 14. Kd2 Qxe4
15. Re1 Qxe1+ 16. Kxe1 Nxc2+ 17. Kd2 Nd4 18. Be2 Nxe2 19. Kxe2 O-O 20. f4 Re8+
21. Kd1 Bg4+ 22. Kc1 Re2 23. a3 Rae8 24. f5 Re1+ 25. Kd2 R8e2+ 26. Kc3 Rxh1 27.
fxg6 fxg6 28. d4 Rc1+ 29. Kd3 Rd1+ 30. Kc4 Rxd4+ 31. Kc3 Re3+ 32. Kc2 Bf5+ 33.
Kc1 Bxa3 34. bxa3 Rxa3 35. Kb2 Rdd3 36. h3 Ra4 37. g4 Rxh3 38. gxf5 Rg4 39. fxg6
Rg2+ 40. Kc1 Rh1# 0-1

[Event "AUTO-BEG-590"]
[Site "http://www.queenalice.com/game.php?id=1203632"]
[Date "2013.7.30"]
[Round "1"]
[White "Epilos"]
[Black "Kwizatz"]
[Result "1-0"]
[WhiteElo "1383"]
[BlackElo "1069"]

1. e4 e5 2. Nf3 d6 3. Bc4 Be6 4. Bxe6 fxe6 5. d4 exd4 6. Qxd4 Nc6 7. Qa4 Nf6 8.
Bg5 h6 9. Bh4 Be7 10. O-O Ng4 11. Bxe7 Qxe7 12. Nbd2 Rf8 13. h3 d5 14. exd5 exd5
15. Rfe1 Qxe1+ 16. Rxe1+ Kd7 17. Qxg4+ Kd6 18. Re6+ Kc5 19. b4+ Nxb4 20. Qd4+
Kb5 21. a3 Nxc2 22. Qxd5+ c5 23. Qb3+ Ka5 24. Nc4# 1-0